Normal view
MARC view
- Dr. Yasar Ayas.
Entry Personal Name
001 - CONTROL NUMBER
- control field: 30837
003 - CONTROL NUMBER IDENTIFIER
- control field: NUST
005 - DATE AND TIME OF LATEST TRANSACTION
- control field: 20200928105359.0
008 - FIXED-LENGTH DATA ELEMENTS
- fixed length control field: 200928|| aca||aabn | a|a d
040 ## - CATALOGING SOURCE
- Original cataloging agency: NUST
- Transcribing agency: NUST
100 ## - HEADING--PERSONAL NAME
- Personal name: Dr. Yasar Ayas.
670 ## - SOURCE DATA FOUND
- Source citation: Work cat.: (NUST): Masood, Hamza Bajwa ; Khan, Jahanzeb ; Danyal Ahmed, Syed 30836, A Brain Computer Interface for Mobile Robot Control in Real Time /, 2019.
